00549nam a2200193Ia 450000500170000000800410001702000160005804000190007404100120009308200190010524500830012426000340020730000170024150400250025865000190028365100180030270000250032085000100034520230111120049.0131103s9999 xx 000 0 und d a019811819 8 aLoreto College aEnglish a821.4bMIL-DAR 4aThe poetical works of John Miltonb Paradise Lost cedited by Helen Darbishire aOxfordbClarendon Pressc1978 axxxv,326 p.  aIncludes Word - List aEnglish Poetry aParadise Lost aDarbishire,Helem,ed. aLCLIB